000
00303nam a2200133Ia 4500
008
230818s2001 xx 000 0 und d
041
_a
eng
100
_a
Stacey
245
_a
Ultimate Food Practitioner
260
_b
Cassell
_c
2001
300
_a
159p
520
_a
General
999
_c
852709
_d
852709
650
_a
Food Production